000 00694nam a2200217Ii 4500
003 JO-AjNU
008 230605s9999||||xx |||||||||||||| ||und||
017 _a1990/367
040 _aJO-AjNU
_bara
_erda
_cJO-AjNU
041 _aara
050 1 4 _aDR471.N8222 1990
100 3 _aالنعيمي، أحمد نوري,
_eauthor
_938489
245 0 0 _aالحياة السياسية في الدولة العثمانية
250 _a(د.ط)
264 3 1 _aبغداد: دار الحرية، 1990
300 _a107ص
336 _atext
_btxt
_2rdacontent
337 _aunmediated
_bn
_2rdamedia
338 _avolume
_bnc
_2rdacarrier
650 4 _aالدولة العثمانية - تاريخ
_938490
999 _aA16175
_c19743
_d19743